000 00582nam a2200181Ia 4500
008 090123s9999 xx 000 0 und d
082 _b5229
_a891.463/शेंडे
100 _aशेंडे निशिकांत
245 _aकलंकमुक्ती
250 _a1
260 _bविजय प्रकाशन
_c1978
300 _a120
600 _aशेंडे निशिकांत
630 _aकलंकमुक्ती
700 _aशेंडे निशिकांत
730 _aकलंकमुक्ती
942 _cBOOK
999 _c43304
_d43304